<?xml version="1.0" encoding="UTF-8"?>
<collection xmlns="http://www.loc.gov/MARC21/slim">
  <record>
    <leader>00000nam  2200000   4500</leader>
    <controlfield tag="001">INLIS000000000019390</controlfield>
    <controlfield tag="005">20250219100703</controlfield>
    <datafield tag="035" ind1="#" ind2="#">
      <subfield code="a">0010-0225000347</subfield>
    </datafield>
    <controlfield tag="007">ta</controlfield>
    <controlfield tag="008">250219################|##########|#|##</controlfield>
    <datafield tag="084" ind1="#" ind2="#">
      <subfield code="a">R 0083 LATSAR 2024</subfield>
    </datafield>
    <datafield tag="100" ind1=" " ind2="#">
      <subfield code="a">Dia Resti Al Ula, S. Mat.</subfield>
    </datafield>
    <datafield tag="245" ind1="1" ind2="#">
      <subfield code="a">Penyusunan Pedoman Studi Kasus Untuk Pelatihan Aparat Penegak Hukum Di Pusat Pendidikan Dan Pelatihan Anti Pencucian Uang Dan Pencegahan Pendanaan Terorisme /</subfield>
      <subfield code="c">Dia Resti Al Ula, S. Mat.</subfield>
    </datafield>
    <datafield tag="250" ind1="#" ind2="#">
      <subfield code="a">1</subfield>
    </datafield>
    <datafield tag="260" ind1="#" ind2="#">
      <subfield code="a">Jakarta :</subfield>
      <subfield code="b">Pusbang Kader,</subfield>
      <subfield code="c">2024</subfield>
    </datafield>
    <datafield tag="650" ind1="#" ind2="4">
      <subfield code="a">Layanan</subfield>
    </datafield>
    <datafield tag="856" ind1="#" ind2="#">
      <subfield code="a">PERPUSTAKAAN PUSAT LAN JKARTA</subfield>
    </datafield>
    <datafield tag="990" ind1="#" ind2="#">
      <subfield code="a">2025/1.2.5/A/0083</subfield>
    </datafield>
  </record>
</collection>
